| 000 | 00728nam a2200193 a 4500 | ||
|---|---|---|---|
| 005 | 20170823020002.0 | ||
| 008 | 150421s2013 ck a gr 00010 spa d | ||
| 020 | _a9789588491936 | ||
| 040 |
_aCO-BoBLA _cCO-BoBLA _dCO-BoIAVH |
||
| 041 | 0 | _aspa | |
| 044 | _ack | ||
| 090 |
_aFG- _b0079 |
||
| 245 | 0 | 0 |
_aAsociación de Mujeres Comunitarias de Tarapacá ASMUCOTAR : _bincorporación del conocimiento tradicional asociado a la agrobiodiversidad en agroecosistemas colombianos |
| 260 |
_aTarapacá : _bMinAmbiente, _c2013. |
||
| 300 |
_a34 páginas sin númerar : _bilustraciones a color ; _c19 x 21 cm. |
||
| 650 | 2 | 4 | _aCocina colombiana |
| 650 | 2 | 6 |
_aComunidades locales _xalimentación |
| 942 |
_2z _cFolleto _01 |
||
| 999 |
_c19102 _d19102 |
||